Ballon d'Or: British and Irish players ranked sinced 1990 - Statistics

General Stats
  • This quiz has been taken 316 times
  • The average score is 51 of 65
Answer Stats
Year Rank Player Club Extra hint % Correct
2013 9th Gareth Bale Tottenham Hotspur / Real Madrid Wales
97%
2014 12th Gareth Bale Real Madrid Wales
97%
2015 16th Gareth Bale Real Madrid Wales
97%
2016 6th Gareth Bale Real Madrid Wales
97%
2018 nominee Gareth Bale Real Madrid Wales
97%
2017 10th Harry Kane Tottenham Hotspur
97%
nominee Harry Kane Tottenham Hotspur
97%
17th Frank Lampard Chelsea
96%
2005 2nd Frank Lampard Chelsea
96%
2006 17th Frank Lampard Chelsea
96%
15th Frank Lampard Chelsea
96%
21st Frank Lampard Chelsea
96%
1998 4th Michael Owen Liverpool
96%
2001 1st Michael Owen Liverpool
96%
2002 13th Michael Owen Liverpool
96%
1993 9th Ryan Giggs Manchester United Wales
96%
28th Ryan Giggs Manchester United Wales
96%
21st Ryan Giggs Manchester United Wales
96%
30th Ryan Giggs Manchester United Wales
96%
14th Ryan Giggs Manchester United Wales
96%
25th Steven Gerrard Liverpool
96%
3rd Steven Gerrard Liverpool
96%
2007 13th Steven Gerrard Liverpool
96%
2008 10th Steven Gerrard Liverpool
96%
10th Steven Gerrard Liverpool
96%
2004 8th Wayne Rooney Everton / Manchester United
96%
26th Wayne Rooney Manchester United
96%
13th Wayne Rooney Manchester United
96%
2009 8th Wayne Rooney Manchester United
96%
2011 5th Wayne Rooney Manchester United
96%
2012 15th Wayne Rooney Manchester United
96%
8th Jamie Vardy Leicester City
94%
20th David Beckham Manchester United
93%
28th David Beckham Manchester United
93%
1999 2nd David Beckham Manchester United
93%
2000 10th David Beckham Manchester United
93%
4th David Beckham Manchester United
93%
2003 10th David Beckham Manchester United / Real Madrid
93%
6th Roy Keane Manchester United Ireland
93%
27th Roy Keane Manchester United Ireland
93%
1995 32nd Alan Shearer Blackburn Rovers
91%
1996 3rd Alan Shearer Blackburn Rovers / Newcastle United
91%
1997 20th Alan Shearer Newcastle United
91%
10th John Terry Chelsea
88%
20th John Terry Chelsea
88%
26th Andy Cole Manchester United
78%
21st Rio Ferdinand Leeds United / Manchester United
78%
20th David Seaman Arsenal GK
77%
20th Jamie Carragher Liverpool
63%
18th Gary Lineker Tottenham Hotspur
56%
1991 6th Gary Lineker Tottenham Hotspur
56%
32nd Ian Wright Arsenal
53%
1990 4th Paul Gascoigne Tottenham Hotspur
43%
9th Mark Hughes Manchester United Wales
42%
18th Chris Waddle Olympique de Marseille
29%
10th Chris Waddle Olympique de Marseille
29%
18th David Platt Aston Villa
29%
1992 16th David Platt Bari / Juventus
29%
21st David Platt Juventus / Sampdoria
29%
18th John Barnes Liverpool
29%
21st Gary Pallister Manchester United
22%
13th Paul McGrath Aston Villa Ireland
21%
26th Paul McGrath Aston Villa Ireland
21%
12th Des Walker Nottingham Forest
16%
13th Dean Saunders Derby County / Liverpool Wales
12%
No matching quizzes found
Score Distribution
Percent of People with Each Score
Percentile by Number Answered
Your Score History
You have not taken this quiz